000
00325nam a22001217a 4500
040
_c
HS
082
_a
333
100
_a
ម៉ែន សុខា
245
_a
សេនេទិចនិងការផលិតកូនត្រីពូជ
260
_a
RUA
_b
ម៉ែន សុខា
_c
2011
300
_a
81p;
942
_c
KB
999
_c
9703
_d
9703